| 000 | 00737nam a2200229 a 4500 | ||
|---|---|---|---|
| 005 | 20240420064117.0 | ||
| 008 | 060814s1991 mx r 000 0 spa d | ||
| 020 | _a9687009306 | ||
| 035 | _aUPN01000146274 | ||
| 049 | _aCG | ||
| 050 | 4 |
_aHN113.5 _bA4.8 |
|
| 100 | 1 | _aAlduncin Abitia, Enrique | |
| 245 | 1 | 4 |
_aLos valores de los mexicanos / _cEnrique Alduncin Abitia. |
| 260 |
_aMéxico : _bBANAMEX, _c1991. |
||
| 300 |
_av. : _bil. |
||
| 505 | 8 |
_aContenido: _gv.2. _tMéxico en tiempos de cambio |
|
| 651 | 4 |
_aMéxico _xCondiciones sociales _94559 |
|
| 650 | 4 |
_aCaracterísticas nacionales mexicanas _96726 |
|
| 650 | 4 |
_aOPINION PUBLICA - _zMEXICO _93212 |
|
| 651 | 4 |
_aMéxico _xCondiciones sociales _ySiglo XX _93318 |
|
| 905 | _aLibro | ||
| 999 |
_c118420 _d118420 |
||